000 00693nam a2200181Ia 4500
003 GCL
008 140319s9999 xx 000 0 ara d
040 _aGCL /
_cGCL
082 0 4 _a657
_bا ا
100 1 _aابوالفتوح على فضالة
245 1 0 _aادارة الاموال فى مشروعات وشركات قطاع الاعمال /
_cابوالفتوح على فضالة
260 _a[S.N] :
_bدار الكتب العلمية للنشر والتوزيع ،
_c1993
300 _a285 ص
490 _aسلسلة الكتب العلمية فى المحاسبة وادارة الاعمال
_v0
650 0 4 _aالمحاسبة
650 0 4 _aادارة اموال
942 _2ddc
_cBK
999 _c53950
_d53950